000 01069nam a2200229Ia 4500
999 _c38821
_d38821
001 5223
003 GE_BSU
005 20190607210517.0
008 181216s1963||||ge |||||||||||||| ||geo||
040 _cGE_BSU
041 _ageo
080 _a621.1(076.1)+536.422 ხ-52
100 _aხიდაშელი, ალ.
_92305
245 _aტექნიკური თერმოდინამიკის ამოცანათა კრებული. ნაწ. 2. : ორთქლის თერმოდინამიკა /
_cალ. ხიდაშელი ; რედ : ი. აროსია.
264 _aთბილისი :
_bცოდნა,
_c1963.
300 _a218 გვ .:
_c22 სმ.
500 _aდანართი გვ.191-217.
504 _aბიბლიოგრ.:გვ.218
653 _aტექნიკური თერმოდინამიკის ამოცანათა კრებული
700 _aაროსია, ი
_eრედაქტორი
_92306
942 _cBK
_2udc